[Event "Oberhausener SV 1 - Herforder SV KS 1"]
[Site "NRW-Klasse, Gruppe 2 2012/201"]
[Date "2012.12.16"]
[Round "4.7"]
[White "Heuermann, Heinz-Burkhard"]
[Black "Roitburd, Talik"]
[Result "1-0"]
[WhiteElo "1956"]
[BlackElo "2115"]
[PlyCount "83"]
[EventDate "2012.??.??"]
[WhiteTeam "Herforder SV KS 1"]
[BlackTeam "Oberhausener SV 1"]

1. c4 e5 2. Nc3 Nc6 3. g3 Bb4 4. Nd5 Bc5 5. Bg2 f5 6. a3 a5 7. d3 Nf6 8. Bg5
Bxf2+ 9. Kxf2 Ng4+ 10. Ke1 Qxg5 11. Nxc7+ Kd8 12. Nxa8 Ne3 13. Qc1 Nd4 14. Nf3
Ndc2+ 15. Kf2 Qe7 16. b4 e4 17. Ne1 Ng4+ 18. Kg1 Nd4 19. Ra2 exd3 20. Nxd3 g5
21. Bf3 Nb3 22. Qc3 Qe3+ 23. Kg2 Nd4 24. Qd2 Qe7 25. Bxg4 fxg4 26. Nc5 Nf5 27.
e4 Nd6 28. Qd4 Rf8 29. Rf1 Rf3 30. Raf2 Nf7 31. Rxf3 gxf3+ 32. Rxf3 Ne5 33. Rf5
d6 34. Rxe5 Qxe5 35. Qxe5 dxe5 36. Nb6 Bg4 37. bxa5 Kc7 38. Nd5+ Kc6 39. Nd3
Kd6 40. c5+ Ke6 41. Nc7+ Kf6 42. c6 1-0

[Event "Oberhausener SV 1 - Herforder SV KS 1"]
[Site "NRW-Klasse, Gruppe 2 2012/201"]
[Date "2012.12.16"]
[Round "4.8"]
[White "Voge, Andreas"]
[Black "Buddensiek, Uwe"]
[Result "1/2-1/2"]
[WhiteElo "2056"]
[BlackElo "1978"]
[PlyCount "76"]
[EventDate "2012.??.??"]
[WhiteTeam "Oberhausener SV 1"]
[BlackTeam "Herforder SV KS 1"]

1. e4 Nf6 2. e5 Nd5 3. d4 d6 4. Nf3 Bg4 5. Be2 c6 6. O-O Bxf3 7. Bxf3 dxe5 8.
dxe5 e6 9. Qe2 Nd7 10. Bxd5 cxd5 11. f4 Bc5+ 12. Kh1 Qc7 13. Nd2 O-O 14. Nb3
Bb6 15. c3 Rac8 16. Be3 Qc4 17. Qf2 Bxe3 18. Qxe3 Nc5 19. Nxc5 Qxc5 20. Qd2
Rfd8 21. Rad1 Qc4 22. a3 Qe4 23. Qf2 b6 24. Rd4 Qf5 25. Rfd1 Re8 26. Qe2 Rc7
27. c4 Rxc4 28. Rxc4 dxc4 29. Qxc4 Qg4 30. Qa4 Rc8 31. Qd7 Rf8 32. Qd4 h5 33.
h3 Qe2 34. Rc1 Qa6 35. Qd7 g6 36. Kh2 Qe2 37. Qd4 Qa6 38. Qc4 Qxc4 1/2-1/2

[Event "SK KS Iserlohn 1 - SF Neuenkirchen 1"]
[Site "NRW-Klasse, Gruppe 2 2012/201"]
[Date "2012.12.16"]
[Round "4.1"]
[White "Muschik, Benedikt"]
[Black "Scheider, Julian"]
[Result "1-0"]
[WhiteElo "2271"]
[BlackElo "2335"]
[PlyCount "63"]
[EventDate "2012.??.??"]
[WhiteTeam "SF Neuenkirchen 1"]
[BlackTeam "SK KS Iserlohn 1"]

1. d4 Nf6 2. Bf4 g6 3. e3 Bg7 4. Nf3 O-O 5. Be2 d5 6. Nc3 c5 7. Qd2 Ne4 8. Nxe4
dxe4 9. Ne5 Nc6 10. Nxc6 bxc6 11. c3 Be6 12. O-O Qb6 13. Qc2 f5 14. b4 c4 15.
a4 Qd8 16. b5 Qd5 17. bxc6 Qxc6 18. Rfb1 Bd5 19. Rb5 h6 20. Qa2 Rfc8 21. Rab1
Qe6 22. R1b4 Kh7 23. h4 Bf6 24. Bg3 Rc6 25. h5 g5 26. Rxd5 Qxd5 27. Bxc4 Qa5
28. Bd5 Rxc3 29. Bxa8 Qxb4 30. Qf7+ Kh8 31. Qf8+ Kh7 32. Bd5 1-0

[Event "SK KS Iserlohn 1 - SF Neuenkirchen 1"]
[Site "NRW-Klasse, Gruppe 2 2012/201"]
[Date "2012.12.16"]
[Round "4.2"]
[White "Naundorf, Maik"]
[Black "Rieke, Theo"]
[Result "0-1"]
[WhiteElo "2040"]
[BlackElo "2011"]
[PlyCount "60"]
[EventDate "2012.??.??"]
[WhiteTeam "SK KS Iserlohn 1"]
[BlackTeam "SF Neuenkirchen 1"]

1. d4 Nf6 2. c4 g6 3. Nc3 Bg7 4. e4 d6 5. f3 O-O 6. Bg5 c5 7. d5 a6 8. a4 e6 9.
Qd2 exd5 10. cxd5 Nbd7 11. Nh3 h6 12. Be3 Ne5 13. Nf2 Kh7 14. Be2 Rb8 15. O-O
g5 16. Rfb1 Nfd7 17. Ra2 Qc7 18. b3 Ng6 19. Rc2 Qa5 20. Nd3 Qd8 21. b4 c4 22.
Nf2 b5 23. axb5 axb5 24. Ra1 Nde5 25. g3 f5 26. Kg2 f4 27. Ba7 Rb7 28. Ra5 g4
29. Nxb5 gxf3+ 30. Bxf3 fxg3 0-1

[Event "SK KS Iserlohn 1 - SF Neuenkirchen 1"]
[Site "NRW-Klasse, Gruppe 2 2012/201"]
[Date "2012.12.16"]
[Round "4.3"]
[White "Haves, Reinhard"]
[Black "Messarius, Juergen"]
[Result "0-1"]
[WhiteElo "2174"]
[BlackElo "2197"]
[PlyCount "66"]
[EventDate "2012.??.??"]
[WhiteTeam "SF Neuenkirchen 1"]
[BlackTeam "SK KS Iserlohn 1"]

1. d4 d6 2. Nf3 f5 3. g3 g6 4. Bg2 Bg7 5. O-O Nf6 6. c4 O-O 7. Nc3 c6 8. d5 e5
9. dxe6 Bxe6 10. Qa4 Nbd7 11. Ng5 Qe7 12. Nxe6 Qxe6 13. Qb4 Nc5 14. Bf4 Nh5 15.
Be3 a5 16. Qa3 Qxc4 17. Rac1 Qb4 18. Bxc5 dxc5 19. Qb3+ c4 20. Qc2 Rac8 21.
Rfd1 Nf6 22. a3 Qe7 23. Qa4 Qc5 24. b4 axb4 25. axb4 Qb6 26. b5 cxb5 27. Qxb5
Qxb5 28. Nxb5 Rc5 29. Nd4 Rb8 30. Rb1 Ne4 31. Bxe4 fxe4 32. Rb6 Bxd4 33. Rxd4
c3 0-1

[Event "SK KS Iserlohn 1 - SF Neuenkirchen 1"]
[Site "NRW-Klasse, Gruppe 2 2012/201"]
[Date "2012.12.16"]
[Round "4.4"]
[White "Schmuecker, Marcus"]
[Black "Wilde, Pierre"]
[Result "1-0"]
[WhiteElo "2136"]
[BlackElo "2253"]
[Annotator "Doe,John"]
[PlyCount "81"]
[EventDate "2012.??.??"]
[WhiteTeam "SK KS Iserlohn 1"]
[BlackTeam "SF Neuenkirchen 1"]

1. Nf3 Nf6 2. c4 e6 3. g3 b6 4. Bg2 Bb7 5. O-O c5 6. Nc3 Be7 7. Re1 d6 8. e4 a6
9. d4 cxd4 10. Nxd4 Qc7 11. Be3 Nbd7 12. Rc1 Rc8 13. f4 Qb8 14. Qe2 O-O 15. g4
Nc5 16. Bf2 g6 17. b4 Ncd7 18. f5 e5 19. Nb3 gxf5 20. gxf5 Kh8 21. Nd5 Bd8 22.
Kh1 Rg8 23. Bf3 b5 24. c5 dxc5 25. Nxc5 Nxc5 26. Bxc5 Re8 27. Rg1 Nxd5 28. exd5
Bf6 29. Be4 Qa8 30. Rcd1 Rcd8 31. Qf3 Rg8 $11 32. Rxg8+ Rxg8 33. Re1 a5 34. a3
axb4 35. Bxb4 Rd8 36. Be7 Bxe7 37. f6 Rg8 38. Qf5 Rg6 39. fxe7 Qe8 40. Qxe5+ f6
41. Bxg6 1-0

[Event "SK KS Iserlohn 1 - SF Neuenkirchen 1"]
[Site "NRW-Klasse, Gruppe 2 2012/201"]
[Date "2012.12.16"]
[Round "4.5"]
[White "Buendgen, Achim"]
[Black "Klauke, Stefan"]
[Result "0-1"]
[WhiteElo "2216"]
[BlackElo "2130"]
[PlyCount "60"]
[EventDate "2012.??.??"]
[WhiteTeam "SF Neuenkirchen 1"]
[BlackTeam "SK KS Iserlohn 1"]

1. d4 d5 2. c4 Nc6 3. Bg5 Nf6 4. Bxf6 exf6 5. e3 Bb4+ 6. Nc3 O-O 7. Qb3 Qe7 8.
Nf3 Na5 9. Qc2 Nxc4 10. Bxc4 dxc4 11. Nd2 Bxc3 12. Qxc3 b5 13. a4 c6 14. b3
cxb3 15. Nxb3 Be6 16. Nc5 Bc4 17. f3 f5 18. Kf2 Rfd8 19. g3 f4 20. e4 f5 21.
Rae1 fxe4 22. Rxe4 fxg3+ 23. hxg3 Qf7 24. Rf4 Qd5 25. Qc2 g6 26. Rh6 Qg5 27.
Rfh4 Rxd4 28. Ne4 Rxe4 29. Qxe4 Rd8 30. f4 Qc5+ 0-1

[Event "SK KS Iserlohn 1 - SF Neuenkirchen 1"]
[Site "NRW-Klasse, Gruppe 2 2012/201"]
[Date "2012.12.16"]
[Round "4.6"]
[White "Franke, Thomas"]
[Black "Seegers, Hendrik"]
[Result "0-1"]
[WhiteElo "2028"]
[BlackElo "2178"]
[Annotator "Doe,John"]
[PlyCount "66"]
[EventDate "2012.??.??"]
[WhiteTeam "SK KS Iserlohn 1"]
[BlackTeam "SF Neuenkirchen 1"]

1. d4 d5 2. c4 e6 3. Nf3 c6 4. g3 dxc4 5. Bg2 b5 6. Ne5 Bb7 7. O-O Nf6 8. a4
Nd5 9. b3 cxb3 10. Qxb3 b4 11. a5 Be7 12. e4 Nf6 13. Bb2 O-O 14. Rc1 c5 15.
dxc5 Bxe4 16. c6 Na6 17. Bxe4 Nxe4 18. Nd7 Nec5 19. Qc4 Nxd7 20. cxd7 Nc5 21.
Rd1 $11 Qc7 22. Nd2 Qxd7 23. Qg4 e5 24. Qe2 Qe6 25. Nf3 f6 26. a6 Rfd8 27. Qb5
Rxd1+ 28. Rxd1 Nxa6 29. Qb7 Rb8 30. Qxa7 Bc5 31. Qd7 Qxd7 32. Rxd7 Bf8 33. g4
Nc5 0-1

[Event "SK KS Iserlohn 1 - SF Neuenkirchen 1"]
[Site "NRW-Klasse, Gruppe 2 2012/201"]
[Date "2012.12.16"]
[Round "4.7"]
[White "Winnemoeller, Bernd"]
[Black "Schwanbeck, Christoph"]
[Result "1-0"]
[WhiteElo "1975"]
[BlackElo "1981"]
[PlyCount "51"]
[EventDate "2012.??.??"]
[WhiteTeam "SF Neuenkirchen 1"]
[BlackTeam "SK KS Iserlohn 1"]

1. e4 d5 2. Nc3 dxe4 3. Nxe4 Qd5 4. d3 Nf6 5. c3 Nc6 6. Qf3 Be6 7. Ne2 Ne5 8.
Nxf6+ gxf6 9. Qxd5 Bxd5 10. Nf4 Bc6 11. d4 Ng6 12. Be3 e5 13. Nh5 Be7 14. Ng7+
Kf8 15. Nf5 Be4 16. Bh6+ Kg8 17. Nxe7+ Nxe7 18. f3 Bc6 19. Bd3 exd4 20. cxd4
Rd8 21. O-O-O Rd5 22. Rhe1 Ng6 23. g4 Rd6 24. f4 f5 25. gxf5 Rxd4 26. Bb5 1-0

[Event "SK KS Iserlohn 1 - SF Neuenkirchen 1"]
[Site "NRW-Klasse, Gruppe 2 2012/201"]
[Date "2012.12.16"]
[Round "4.8"]
[White "Glatzel, Jonas"]
[Black "Hachmeister, Dirk"]
[Result "0-1"]
[WhiteElo "1962"]
[BlackElo "2180"]
[PlyCount "112"]
[EventDate "2012.??.??"]
[WhiteTeam "SK KS Iserlohn 1"]
[BlackTeam "SF Neuenkirchen 1"]

1. e4 c6 2. d4 d6 3. Nc3 e5 4. Nf3 Nd7 5. Be2 Ngf6 6. O-O Be7 7. Be3 O-O 8. Qd2
Qc7 9. a4 a5 10. Rad1 Nb8 11. h3 Na6 12. Nh2 Nb4 13. f4 exd4 14. Bxd4 d5 15. e5
Ne4 16. Nxe4 dxe4 17. f5 Rd8 18. f6 Bf8 19. Qg5 g6 20. Bc4 Nd5 21. Ng4 Be6 22.
Bxd5 cxd5 23. Ne3 Qc6 24. h4 h6 25. Qf4 Qxa4 26. c4 dxc4 27. Qxe4 Qc6 28. Qf4
Rd7 29. Bc3 b5 30. Rxd7 Qxd7 31. Rd1 Qc8 32. Nd5 Bxd5 33. Rxd5 b4 34. Bd4 c3
35. bxc3 b3 36. Rb5 Rb8 37. c4 a4 38. e6 Rxb5 39. exf7+ Kxf7 40. cxb5 Qc4 41.
Qg4 Qxb5 42. h5 gxh5 43. Qe4 Bd6 44. Qh7+ Ke6 45. Qe4+ Kd7 46. f7 Kc7 47. Be5
Qc5+ 48. Kf1 Bxe5 49. Qxe5+ Qxe5 50. f8=Q b2 51. Qf7+ Kb6 52. Qg6+ Ka5 53. Kf2
Qc5+ 54. Kf3 Qc3+ 55. Kf2 Qd2+ 56. Kf3 Qd1+ 0-1

[Event "Gütersloher SV 1 - SG Solingen 3"]
[Site "NRW-Klasse, Gruppe 2 2012/201"]
[Date "2012.12.16"]
[Round "4.1"]
[White "Kniest, Oliver"]
[Black "Ebert, Manuel"]
[Result "1/2-1/2"]
[WhiteElo "2255"]
[BlackElo "2117"]
[PlyCount "35"]
[EventDate "2012.??.??"]
[WhiteTeam "SG Solingen 3"]
[BlackTeam "Gütersloher SV 1"]

1. d4 Nf6 2. c4 g6 3. g3 Bg7 4. Bg2 O-O 5. Nc3 d6 6. Nf3 c6 7. O-O Nbd7 8. e4
e5 9. Rb1 Ne8 10. Re1 Nc7 11. Be3 f5 12. exf5 gxf5 13. Bg5 Qe8 14. dxe5 dxe5
15. Bf4 Qe7 16. Qe2 Re8 17. Bh3 Qf7 18. Be3 1/2-1/2

[Event "Gütersloher SV 1 - SG Solingen 3"]
[Site "NRW-Klasse, Gruppe 2 2012/201"]
[Date "2012.12.16"]
[Round "4.2"]
[White "Peter, Sebastian"]
[Black "Gupta, Milon"]
[Result "1/2-1/2"]
[WhiteElo "2031"]
[BlackElo "2226"]
[Annotator "Doe,John"]
[PlyCount "96"]
[EventDate "2012.??.??"]
[WhiteTeam "Gütersloher SV 1"]
[BlackTeam "SG Solingen 3"]

1. e4 e5 2. Nf3 Nc6 3. Bb5 a6 4. Ba4 Nf6 5. d3 d6 6. c3 b5 7. Bb3 Be7 8. h3 O-O
9. O-O Bb7 10. Re1 Nb8 11. Nbd2 Nbd7 12. Nf1 Nc5 13. Bc2 Re8 14. Ng3 Bf8 15. b4
Ne6 16. d4 exd4 17. Nxd4 c5 18. Ndf5 $11 g6 19. Nh6+ Kg7 20. Qf3 Qd7 21. Ng4
Nxg4 22. Qxg4 Kh8 23. bxc5 Nxc5 24. Qf3 f5 25. Be3 Bg7 26. Bd4 Ne6 27. Bxg7+
Qxg7 28. Rad1 Rad8 29. h4 h5 30. Nxf5 gxf5 31. Qxh5+ Qh7 32. Qxh7+ Kxh7 33.
exf5 Nf4 34. Rxe8 Rxe8 35. Rxd6 Re1+ 36. Kh2 Bxg2 37. Kg3 Be4 38. Bxe4 Rxe4 39.
Kf3 Ra4 40. Rd4 Rxd4 41. cxd4 Nd5 42. Ke4 Nc3+ 43. Ke5 Nxa2 44. d5 Nb4 45. Kd4
Kh6 46. f4 Kh5 47. Kc5 Nd3+ 48. Kd4 Nb4 1/2-1/2

[Event "Gütersloher SV 1 - SG Solingen 3"]
[Site "NRW-Klasse, Gruppe 2 2012/201"]
[Date "2012.12.16"]
[Round "4.3"]
[White "Hobusch, Alexander"]
[Black "Scharnowski, Tobias"]
[Result "1/2-1/2"]
[WhiteElo "2217"]
[BlackElo "2011"]
[PlyCount "66"]
[EventDate "2012.??.??"]
[WhiteTeam "SG Solingen 3"]
[BlackTeam "Gütersloher SV 1"]

1. d4 d5 2. Nf3 Nf6 3. c4 dxc4 4. e3 Bg4 5. Bxc4 e6 6. Nc3 Nbd7 7. h3 Bh5 8.
Bd2 a6 9. a4 Bd6 10. Qb3 O-O 11. Be2 Rb8 12. O-O c5 13. d5 exd5 14. Nxd5 Ne4
15. Rfd1 Ne5 16. Qb6 Nxf3+ 17. Bxf3 Qh4 18. Bxe4 Qxe4 19. Qxd6 Bxd1 20. Rxd1
Rbd8 21. Ne7+ Kh8 22. Qxc5 Rfe8 23. Nf5 Rd5 24. Ng3 Rxc5 25. Nxe4 Rxe4 26. Bc3
Rc8 27. Rd7 Kg8 28. a5 Rb8 29. Bd4 h6 30. Kf1 Ree8 31. b4 Red8 32. Re7 Re8 33.
Rd7 Red8 1/2-1/2

[Event "Gütersloher SV 1 - SG Solingen 3"]
[Site "NRW-Klasse, Gruppe 2 2012/201"]
[Date "2012.12.16"]
[Round "4.4"]
[White "Plaßmann, Dominik"]
[Black "Fichtner, Ewald"]
[Result "1/2-1/2"]
[WhiteElo "2049"]
[BlackElo "2021"]
[PlyCount "51"]
[EventDate "2012.??.??"]
[WhiteTeam "Gütersloher SV 1"]
[BlackTeam "SG Solingen 3"]

1. e4 c6 2. d4 d5 3. f3 dxe4 4. fxe4 e5 5. Nf3 Bg4 6. Bc4 Nd7 7. O-O Ngf6 8.
Bg5 Bd6 9. c3 O-O 10. Nbd2 h6 11. Bh4 Bh5 12. Qc2 Qc7 13. dxe5 Bc5+ 14. Nd4 Ng4
15. Rae1 Ngxe5 16. b4 Bd6 17. h3 Ng6 18. Bf2 Nf4 19. Nf5 Be5 20. Bd4 b5 21. Bd3
Rae8 22. Rf2 Bg6 23. Ref1 Nh5 24. Bxe5 Nxe5 25. Be2 Nf6 26. Nxh6+ 1/2-1/2

[Event "Gütersloher SV 1 - SG Solingen 3"]
[Site "NRW-Klasse, Gruppe 2 2012/201"]
[Date "2012.12.16"]
[Round "4.5"]
[White "Neumair, Jerome"]
[Black "Hanhoerster, Stephan"]
[Result "1/2-1/2"]
[WhiteElo "2079"]
[BlackElo "2104"]
[PlyCount "32"]
[EventDate "2012.??.??"]
[WhiteTeam "SG Solingen 3"]
[BlackTeam "Gütersloher SV 1"]

1. d4 d5 2. c4 dxc4 3. Nf3 Nf6 4. e3 Bg4 5. Bxc4 e6 6. Nc3 a6 7. a4 Nc6 8. O-O
Bb4 9. h3 Bh5 10. Be2 O-O 11. Qb3 Qe7 12. Ne5 Na5 13. Qc2 Bxe2 14. Nxe2 c5 15.
Nd3 cxd4 16. Nxb4 Qxb4 1/2-1/2

[Event "Gütersloher SV 1 - SG Solingen 3"]
[Site "NRW-Klasse, Gruppe 2 2012/201"]
[Date "2012.12.16"]
[Round "4.6"]
[White "Grochtmann, Stephan"]
[Black "Peschel, Andreas"]
[Result "1-0"]
[WhiteElo "2015"]
[BlackElo "2184"]
[PlyCount "63"]
[EventDate "2012.??.??"]
[WhiteTeam "Gütersloher SV 1"]
[BlackTeam "SG Solingen 3"]

1. e4 c6 2. d4 d5 3. e5 g6 4. h4 h5 5. Nh3 Bg4 6. f3 Bxh3 7. Rxh3 e6 8. c3 Qb6
9. Qb3 Bh6 10. Bg5 c5 11. Qb5+ Nc6 12. dxc5 Qc7 13. f4 Bxg5 14. hxg5 Nge7 15.
Nd2 O-O 16. O-O-O Rfb8 17. Be2 b6 18. Rdh1 a6 19. Qd3 bxc5 20. Bxh5 Qb6 21.
Bxg6 Qxb2+ 22. Kd1 Kf8 23. Rh8+ Ng8 24. Bxf7 Qa1+ 25. Ke2 Qxh1 26. Rxh1 Kxf7
27. Rh7+ Kf8 28. Qg6 Ra7 29. Rh8 Nce7 30. Qf6+ Ke8 31. Qxe6 Kf8 32. g6 1-0

[Event "Gütersloher SV 1 - SG Solingen 3"]
[Site "NRW-Klasse, Gruppe 2 2012/201"]
[Date "2012.12.16"]
[Round "4.7"]
[White "Auer, Martin"]
[Black "Krueger, Tim"]
[Result "1-0"]
[WhiteElo "2172"]
[BlackElo "2046"]
[PlyCount "115"]
[EventDate "2012.??.??"]
[WhiteTeam "SG Solingen 3"]
[BlackTeam "Gütersloher SV 1"]

1. e4 c5 2. Nc3 Nc6 3. Bb5 Na5 4. f4 a6 5. Be2 e6 6. Nf3 b5 7. O-O Bb7 8. d3
Nf6 9. Qe1 Be7 10. Bd2 b4 11. Nd1 d5 12. e5 Nd7 13. a3 Nc6 14. axb4 Nxb4 15.
Qg3 g6 16. c3 Nc6 17. Nf2 Qb6 18. Rab1 Na5 19. Be3 Nb3 20. d4 a5 21. Nh3 Ba6
22. Bxa6 Qxa6 23. Rfe1 h6 24. Rbd1 c4 25. f5 gxf5 26. Qg7 O-O-O 27. Qxf7 Rde8
28. Nf4 Bd8 29. Ng6 Rhg8 30. Bxh6 Qb7 31. Be3 Nb6 32. Qxb7+ Kxb7 33. Nf4 Kc6
34. Kf2 Nd7 35. h4 Nf8 36. Rh1 Nh7 37. Rh3 Kd7 38. Rdh1 a4 39. Rg3 Rxg3 40.
Kxg3 Rg8+ 41. Kf2 Be7 42. Ne2 a3 43. bxa3 Ra8 44. Rh3 Ke8 45. Rg3 Kf7 46. Bh6
Bf8 47. Bxf8 Kxf8 48. Rg6 Kf7 49. Nf4 Nc1 50. Rh6 Nf8 51. Ng5+ Kg7 52. Rf6 Nd3+
53. Nxd3 cxd3 54. Ke3 f4+ 55. Kxd3 Rxa3 56. Rxf4 Ng6 57. Nxe6+ Kh6 58. Rf6 1-0

[Event "Gütersloher SV 1 - SG Solingen 3"]
[Site "NRW-Klasse, Gruppe 2 2012/201"]
[Date "2012.12.16"]
[Round "4.8"]
[White "Minosjan, Artur"]
[Black "Kyas, Marcel"]
[Result "0-1"]
[WhiteElo "1977"]
[BlackElo "2153"]
[Annotator "Doe,John"]
[PlyCount "132"]
[EventDate "2012.??.??"]
[WhiteTeam "Gütersloher SV 1"]
[BlackTeam "SG Solingen 3"]

1. e4 d6 2. d4 Nf6 3. Nc3 e5 4. dxe5 dxe5 5. Qxd8+ Kxd8 6. Bg5 Be6 7. O-O-O+
Nbd7 8. f3 Bc5 9. Na4 Bd6 10. Kb1 Ke7 11. Be3 Rhd8 12. Nh3 h6 13. Be2 c6 14. c4
Bxh3 15. gxh3 b6 16. Rhg1 Nh5 17. h4 $11 Nc5 18. Nc3 Ne6 19. a3 Bc5 20. Bxc5+
Nxc5 21. b4 Ne6 22. b5 Rac8 23. bxc6 Rxc6 24. Nd5+ Kf8 25. Rgf1 Nhf4 26. Nxf4
Rxd1+ 27. Rxd1 Nxf4 28. Bf1 Ke7 29. Kc2 Rd6 30. Rb1 Ng6 31. Rb5 Kf6 32. c5 bxc5
33. Rxc5 Nxh4 34. Be2 Rd7 35. a4 Ng2 36. a5 Nf4 37. Bc4 h5 38. a6 h4 39. Kc3
Ne6 40. Bxe6 Kxe6 41. Kb4 f5 42. Kb5 fxe4 43. fxe4 g5 44. Rc6+ Rd6 45. Rc7 Rb6+
46. Ka5 h3 47. Rh7 Rb3 48. Rxa7 Rb2 49. Rh7 Rxh2 50. Kb5 $11 Rb2+ 51. Kc4 g4
52. a7 Ra2 53. Rh4 Rxa7 54. Rxg4 Rh7 55. Rg6+ Kf7 56. Rg1 h2 57. Rh1 Rh3 58.
Kd5 Kf6 59. Rf1+ Kg5 60. Rh1 Kf6 61. Rf1+ Kg5 62. Rh1 Kf4 63. Rf1+ Ke3 64. Re1+
Kf2 65. Rh1 Kg2 66. Rxh2+ Rxh2 0-1

[Event "SG Niederkassel. 1 - SK Münster 1"]
[Site "NRW-Klasse, Gruppe 2 2012/201"]
[Date "2012.12.16"]
[Round "4.1"]
[White "Van Der Weide, Karel"]
[Black "Seel, Christian"]
[Result "0-1"]
[WhiteElo "2402"]
[BlackElo "2444"]
[PlyCount "128"]
[EventDate "2012.??.??"]
[WhiteTeam "SK Münster 1"]
[BlackTeam "SG Niederkassel. 1"]

1. e4 e5 2. Nf3 d6 3. d4 exd4 4. Nxd4 Nf6 5. Nc3 Be7 6. g3 O-O 7. Bg2 Nc6 8.
Nxc6 bxc6 9. O-O Bg4 10. f3 Be6 11. b3 Re8 12. Bb2 Qc8 13. g4 d5 14. e5 Bc5+
15. Kh1 Nd7 16. Na4 Bf8 17. f4 f5 18. exf6 Nxf6 19. f5 Bf7 20. Qd4 Ne4 21. Rae1
Qd8 22. Nc3 Bc5 23. Qxg7+ Kxg7 24. Nxe4+ Kf8 25. Nxc5 Rxe1 26. Rxe1 Qd6 27. Nd3
Re8 28. Be5 Qa3 29. h4 Qxa2 30. Re2 Kg8 31. Kh2 a5 32. Bf3 a4 33. bxa4 c5 34.
Kg3 c4 35. Nb4 Qxa4 36. Nxd5 Rxe5 37. Rxe5 Qxc2 38. Nf6+ Kg7 39. Ne4 Qc1 40.
Rc5 Qg1+ 41. Kh3 Qf1+ 42. Kg3 Qg1+ 43. Kh3 Qf1+ 44. Kg3 Kf8 45. Rxc7 Qg1+ 46.
Kh3 Bd5 47. Ng5 Bxf3 48. Nxf3 Qf2 49. Ng5 Ke8 50. h5 Qe3+ 51. Kh4 Qe1+ 52. Kh3
Qe3+ 53. Kh4 h6 54. Ne6 Qf2+ 55. Kh3 Qf3+ 56. Kh4 c3 57. Ng7+ Kf8 58. Ne6+ Kg8
59. Rg7+ Kh8 60. Rf7 Qh1+ 61. Kg3 Qa8 62. f6 Qb8+ 63. Nf4 c2 64. Kf3 Qb3+ 0-1

[Event "SG Niederkassel. 1 - SK Münster 1"]
[Site "NRW-Klasse, Gruppe 2 2012/201"]
[Date "2012.12.16"]
[Round "4.2"]
[White "Stanetzek, Carsten"]
[Black "Molinaroli, Martin"]
[Result "1/2-1/2"]
[WhiteElo "2196"]
[BlackElo "2276"]
[PlyCount "116"]
[EventDate "2012.??.??"]
[WhiteTeam "SG Niederkassel. 1"]
[BlackTeam "SK Münster 1"]

1. e4 b6 2. d4 e6 3. Nf3 Bb7 4. Bd3 Nf6 5. Qe2 c5 6. c3 d5 7. e5 Nfd7 8. O-O
Be7 9. Re1 Nc6 10. a3 g5 11. Be3 h6 12. b4 Qc7 13. Ra2 O-O-O 14. bxc5 bxc5 15.
a4 c4 16. Bc2 f5 17. exf6 Bxf6 18. Na3 a6 19. Rb1 g4 20. Nd2 h5 21. Rab2 Na5
22. g3 Be7 23. Ra1 Bd6 24. Bg5 Rde8 25. Bg6 e5 26. Bxe8 Rxe8 27. Nc2 Rg8 28.
Bh4 exd4 29. Nxd4 Ne5 30. f4 gxf3 31. N2xf3 Re8 32. Nxe5 Rxe5 33. Qf2 Nb3 34.
Rd1 Nxd4 35. cxd4 Re4 36. Rdb1 Bc6 37. Bf6 c3 38. Qf5+ Qd7 39. Qxd7+ Kxd7 40.
Rc2 Bxa4 41. Rxc3 Bb5 42. Rb2 Re1+ 43. Kg2 Bc4 44. Rbc2 Ra1 45. Rxc4 dxc4 46.
Rxc4 Ke6 47. Rc6 Kd5 48. Rb6 a5 49. Be5 Ra2+ 50. Kf3 Bxe5 51. dxe5 Rxh2 52. e6
Rh1 53. e7 Re1 54. Rb5+ Kd6 55. Rxh5 Kxe7 56. Rxa5 Kf6 57. Kf4 Re6 58. Kg4 Kg6
1/2-1/2

[Event "SG Niederkassel. 1 - SK Münster 1"]
[Site "NRW-Klasse, Gruppe 2 2012/201"]
[Date "2012.12.16"]
[Round "4.3"]
[White "Wolter, Kai"]
[Black "Riedel, Holger"]
[Result "0-1"]
[WhiteElo "2223"]
[BlackElo "2154"]
[PlyCount "110"]
[EventDate "2012.??.??"]
[WhiteTeam "SK Münster 1"]
[BlackTeam "SG Niederkassel. 1"]

1. e4 e6 2. d3 d5 3. Qe2 Be7 4. g3 Nc6 5. Nf3 dxe4 6. dxe4 e5 7. Bg2 Be6 8. O-O
Nf6 9. c3 h6 10. b4 a6 11. Nbd2 O-O 12. a3 Qd7 13. Nc4 Bxc4 14. Qxc4 Rfd8 15.
Re1 b5 16. Qe2 a5 17. Bb2 axb4 18. cxb4 Qd3 19. Qxd3 Rxd3 20. Nxe5 Nxe5 21.
Bxe5 Raxa3 22. Rxa3 Rxa3 23. Bxc7 Bxb4 24. Rb1 Bc5 25. h3 b4 26. e5 Ne8 27. Rc1
Rc3 28. Rxc3 bxc3 29. Ba5 c2 30. Bd2 Ba3 31. Bd5 Nc7 32. Bb3 c1=Q+ 33. Bxc1
Bxc1 34. f4 g5 35. f5 Kg7 36. Kg2 Bb2 37. e6 fxe6 38. fxe6 Kf6 39. Kf3 Nxe6 40.
Kg4 Ng7 41. Bc2 Be5 42. Be4 h5+ 43. Kf3 Nf5 44. g4 Nd4+ 45. Ke3 h4 46. Bg2 Ne6
47. Bf1 Nf4 48. Ke4 Bb2 49. Ke3 Ke5 50. Kf2 Ke4 51. Kg1 Kf3 52. Kh2 Be5 53. Ba6
Ne6+ 54. Kg1 Kg3 55. Bf1 Nf4 0-1

[Event "SG Niederkassel. 1 - SK Münster 1"]
[Site "NRW-Klasse, Gruppe 2 2012/201"]
[Date "2012.12.16"]
[Round "4.4"]
[White "Mende, Andreas"]
[Black "Bolwerk, Peter"]
[Result "0-1"]
[WhiteElo "2133"]
[BlackElo "2209"]
[PlyCount "72"]
[EventDate "2012.??.??"]
[WhiteTeam "SG Niederkassel. 1"]
[BlackTeam "SK Münster 1"]

1. e4 c5 2. Nf3 e6 3. d4 cxd4 4. Nxd4 a6 5. Bd3 Nf6 6. O-O Qc7 7. c4 Be7 8. Qe2
d6 9. b3 Nbd7 10. Bb2 b6 11. Nc3 Bb7 12. Rac1 Rc8 13. Bb1 Qb8 14. Kh1 O-O 15.
f4 Bd8 16. Nf3 Bc7 17. Rce1 Rfe8 18. e5 Bxf3 19. Qxf3 dxe5 20. Qh3 exf4 21. Ne4
Nxe4 22. Bxe4 Nf8 23. Qg4 Ng6 24. Bc6 Red8 25. Qh5 Be5 26. Rxe5 Rxc6 27. Ree1
Rcd6 28. Qg5 R8d7 29. h4 Rd3 30. h5 Rg3 31. Be5 Qb7 32. Qxg3 fxg3 33. hxg6 hxg6
34. Bxg3 Rd2 35. Rf2 Qd7 36. Kg1 Qd4 0-1

[Event "SG Niederkassel. 1 - SK Münster 1"]
[Site "NRW-Klasse, Gruppe 2 2012/201"]
[Date "2012.12.16"]
[Round "4.5"]
[White "Rott, Georg"]
[Black "Bussard, Christian"]
[Result "1/2-1/2"]
[WhiteElo "2093"]
[BlackElo "2085"]
[PlyCount "88"]
[EventDate "2012.??.??"]
[WhiteTeam "SK Münster 1"]
[BlackTeam "SG Niederkassel. 1"]

1. e4 e5 2. Nf3 d6 3. d4 exd4 4. Qxd4 a6 5. Bg5 Nc6 6. Qc3 Nf6 7. Nbd2 Be7 8.
a3 O-O 9. Bd3 h6 10. Bh4 Nxe4 11. Bxe7 Qxe7 12. Nxe4 d5 13. O-O dxe4 14. Rfe1
f5 15. Bc4+ Kh7 16. Nd2 Qf6 17. Qg3 Ne5 18. Bf1 Be6 19. Qc3 Rad8 20. Nb3 Bxb3
21. Qxb3 Qg5 22. Be2 b5 23. Red1 Rd2 24. Kf1 Rfd8 25. Rxd2 Rxd2 26. Qc3 Ng6 27.
g3 Qd8 28. a4 Rd5 29. axb5 axb5 30. Ra7 Rd7 31. Bxb5 Rd1+ 32. Ke2 Rb1 33. Qd2
Qb8 34. Ra5 Rxb2 35. Bd7 f4 36. gxf4 Qb6 37. Bf5 Rb5 38. Bxg6+ Kxg6 39. Rxb5
Qxb5+ 40. Ke3 Kf5 41. Qc3 Qb6+ 42. Ke2 Kxf4 43. Qg3+ Kf5 44. Qxg7 Qb5+ 1/2-1/2

[Event "SG Niederkassel. 1 - SK Münster 1"]
[Site "NRW-Klasse, Gruppe 2 2012/201"]
[Date "2012.12.16"]
[Round "4.6"]
[White "Rybarczyk, Klaus"]
[Black "Kamp, Christoph"]
[Result "0-1"]
[WhiteElo "2101"]
[BlackElo "2165"]
[PlyCount "100"]
[EventDate "2012.??.??"]
[WhiteTeam "SG Niederkassel. 1"]
[BlackTeam "SK Münster 1"]

1. Nf3 e6 2. d4 d5 3. c4 c6 4. g3 dxc4 5. Bg2 Nd7 6. O-O b5 7. a4 Bb7 8. e4
Ngf6 9. Qe2 a6 10. Nc3 Bb4 11. e5 Nd5 12. Ne4 Qb6 13. Bd2 Be7 14. Bg5 Bf8 15.
h4 Qc7 16. Rfc1 N7b6 17. axb5 cxb5 18. h5 h6 19. Bd2 Qd7 20. Ba5 Na4 21. Rab1
Nb4 22. b3 Nc6 23. Bd2 cxb3 24. Rxb3 Rd8 25. Be3 Na5 26. Nfd2 Nxb3 27. Nxb3 Bd5
28. Nd6+ Bxd6 29. Bxd5 exd5 30. exd6 O-O 31. Bf4 Rc8 32. Rc7 Rxc7 33. dxc7 Re8
34. Qc2 Qe6 35. Na5 Nb6 36. Nb7 Nc8 37. Be3 Qb6 38. Nd8 b4 39. Bf4 b3 40. Qf5
Rxd8 41. cxd8=Q+ Qxd8 42. Bc1 Ne7 43. Qd3 Qb6 44. Bb2 Qb7 45. Qd2 Nc6 46. Qe2
Na5 47. Qe8+ Kh7 48. g4 Nc4 49. f4 Qc7 50. g5 hxg5 0-1